000 00499nam a2200145Ia 4500
041 _aKurdish
082 _a811,08 cut-392 م
100 _a20260118u\\\\\\\\\\\y0engy0103\\\\ba
100 _aد.عبدالرحمن مزورى
245 0 _aشێخ غیاسەددینێ نەقشەبەندى چرایەکێ گەشێ مللەتێ مەد شەڤێن تاریدا
250 _aچ1
260 _bچاپخانەیى زانکۆى سەلاحەددین
_aهەولێر
_c2023
300 _a211
942 _cBk
999 _c188057
_d188057